|
|
|
|
| LEADER |
00000nab a2200000 4500 |
| 001 |
vtls011974525 |
| 003 |
SK-MaSNL |
| 005 |
20260303095721.0 |
| 008 |
200617|2019 xo ||||||| ||00 ||slo| |
| 038 |
|
|
|a PPPK
|
| 040 |
|
|
|a PPPKCL
|b slo
|e rda
|
| 041 |
|
|
|a slo
|
| 043 |
|
|
|a e-xo---
|
| 044 |
|
|
|a xo
|c SK
|
| 072 |
|
7 |
|a 796
|x Šport. Hry. Telesné cvičenia
|2 konspekt
|
| 080 |
|
|
|a 796/799
|2 2011
|
| 080 |
|
|
|a 796.853.26
|2 2011
|
| 100 |
1 |
|
|a G.O.
|4 ivr
|9 713348
|
| 245 |
1 |
0 |
|a Život na kolesách a cesta za úspechmi súrodencov Jalowiczorových
|c [autor] g.o., Marko Jalowiczor, Veronika Jalowiczorová
|
| 300 |
|
|
|b Fotografie
|
| 336 |
|
|
|a text
|b txt
|2 rdacontent
|
| 337 |
|
|
|a bez média
|b n
|2 rdamedia
|
| 338 |
|
|
|a zväzok
|b nc
|2 rdacarrier
|
| 600 |
1 |
7 |
|a Jalowiczor, Marko
|2 SNK
|9 1087067
|
| 600 |
1 |
7 |
|a Jalowiczorová, Veronika
|2 SNK
|9 1087068
|
| 650 |
0 |
7 |
|a šport
|2 SNKPH
|9 1042
|
| 650 |
0 |
7 |
|a karate
|2 SNKPH
|9 3275
|
| 651 |
|
7 |
|a Spišská Teplica (Slovensko)
|2 SNKPHgeo
|9 54556
|
| 651 |
|
7 |
|a Poprad (Slovensko : okres)
|2 SNKPHgeo
|9 28675
|
| 655 |
|
7 |
|a rozhovory
|2 SNKPH
|9 31831
|
| 700 |
1 |
|
|a Jalowicz, Marko
|4 ive
|9 1109546
|
| 700 |
1 |
|
|a Jalowiczorová, Veronika
|4 ive
|9 1087068
|
| 773 |
0 |
|
|t Teplický spravodajca : občasník obecného zastupiteľstva v Spišskej Teplici
|g Roč. 21, č. 1 (2019), s. 10-11
|x 1338-8207
|
| 852 |
|
|
|a PPPK
|b KIS3GCP
|
| 958 |
|
|
|a RG
|
| 999 |
|
|
|c 1826331
|d 1828261
|